Anak gajah

Bibliographic Details
Main Author: Ong, Johnny
Format: Book
Published: Petaling Jaya : Tioman Books , 1994
Series:Cerita-cerita peribadi mulia
Subjects:

MARC

LEADER 00000cam a2200000 7i4500
001 0000001850
002 000002011
005 20000330.0
020 |a 9839073656 
090 0 0 |a JF   |b ONG 
100 1 |a Ong, Johnny 
245 1 0 |a Anak gajah   |c Johnny Ong 
260 |a Petaling Jaya :   |b Tioman Books ,   |c 1994 
300 |a 24p. ;   |c 21cm. 
490 0 |a Cerita-cerita peribadi mulia 
650 0 0 |a Animal fiction 
999 |a 035151   |b BUKU   |c PINJAMAN   |e PERPUSTAKAAN KOMUNITI PETALING JAYA